000 00931nam a22001937a 4500
003 BR-ViAPE
005 20260417122824.0
008 260417s1928 por gs||||s000 0 por d
040 _cBR-ViAPE
110 _aEspírito Santo
_bEstado
245 _aRelatório do Secretario da Agricultura, Terras e Obras apresentado ao Exmo. Snr. Dr. Florentino Avidos D. D. Presidente do Estado do Espírito Santo por Bemvindo Novaes em 1927
260 _aVitória
_bTyp. da Vida Capichaba
_c1928
300 _a62 p.
_bDocumento digitalizado (PDF)
500 _aDocumento digitalizado do acervo institucional do Arquivo Público do Estado do Espírito Santo - APEES.
650 _xAdministração pública
_zEspírito Santo
651 _aEspírito Santo
_xRelatórios governamentais
856 _uhttps://ape.es.gov.br/Media/ape/PDF/Relatorios/1919/relatorio%208%20-%20ano%201928.pdf
_yCLIQUE AQUI PARA ACESSAR O DOCUMENTO
942 _2ddc
_cMSGREL
_n1
999 _c500
_d500